000 00553nam a22002057a 4500
001 T027600002444
008 181111b xve|||||r|||| 00| | esp d
020 _a980-6479-23-8
099 _a987
_bS228
100 _aSanoja, Mario
245 _aEl agua y el poder: Caracas y la formación del Estado colonial caraqueño 1567-1700.
260 _a2002
300 _a224
500 _a
650 _aProyecto de arqueología.
650 _aConquista y colonización.
650 _aArqueología urbana.
700 _aVargas Iraida.
_e
942 _cLIB
999 _c3598
_d3598